Una visita guiada : breve historia del arte contemporáneo de México /

Bewaard in:
Bibliografische gegevens
Hoofdauteur: Conde, Teresa del (autor)
Formaat: Boek
Taal:Spaans
Gepubliceerd in: México : Plaza y Janés, 2003, c2003
Onderwerpen:
Tags: Voeg label toe
Geen labels, Wees de eerste die dit record labelt!

MARC

LEADER 00000nam^a2200000^a^4500
001 000154488
005 20250521000000.0
009 20260310100354.774
020 |a 968-11-0620-2 
037 |a Acervo ITESO - Biblioteca 
041 |a ESP 
082 |a 709. 7206  |b CON 
100 |a Conde, Teresa del  |e (autor) 
245 1 4 |a Una visita guiada :  |b breve historia del arte contemporáneo de México /  |c T. del Conde. 
264 4 |a México :  |b Plaza y Janés,  |c 2003, c2003 
300 |a 197 p. 
336 |a texto  |b txt  |2 rdacontenido 
337 |a sin mediación  |b n  |2 rdamedio 
338 |a volumen  |b nc  |2 rdasoporte 
649 |a XX 
650 |a Corrientes y Estilos Artísticos -  |z México -  |x Historia -  |y Siglo XX 
650 |a Nacionalismo en el Arte -  |z México -  |x Historia y Crítica 
650 |a Pintura Mural -  |z México -  |x Historia y Crítica 
650 |a Surrealismo -  |z México -  |x Historia y Crítica 
650 |a Expresionismo -  |z México -  |x Historia y Crítica 
650 |a Arte Abstracto -  |z México -  |x Historia y Crítica 
650 |a Arte Mexicano -  |x Historia y Crítica 
650 |a Arte Mexicano -  |y Siglo XX 
650 |a Contemporáneos (Literatura Mexicana) -  |x Historia y Crítica 
910 |a Fondo General 
920 |a Impresos - Libros 
930 |a Colección General 
905 |a 101 
901 |a 0500086018  |b IT1  |c ACC  |u 20250521 
902 |a https://opac.biblio.iteso.mx/vufind/Record/000154488